| 000 | 01308nam a2200265Ia 4500 | ||
|---|---|---|---|
| 001 | 114464 | ||
| 003 | 202200 | ||
| 005 | 20240712162336.0 | ||
| 008 | ||||||n9999 ||| || || | ||
| 082 | _a320.85 | ||
| 100 |
_aPuig, Toni _9140070 |
||
| 245 | 0 |
_aLa comunicación municipal cómplice con los ciudadanos _bsomos una marca de servicios pública con propuestas innovadoras y un estilo entusiasta _cToni Puig |
|
| 505 | _aApunten, disparen..., comuniquemos -- Ideas y estrategias base para la comunicación municipal actualísima -- Somos una marca pública espléndidamente valorada por los ciudadanos -- Siempre relacionados con los ciudadanos y sus organizaciones asociativas y empresariales -- El catálogo de servicios confirma la marca: somos lo que hacemos, lo que comunicamos -- Mimemos cada servicio desde una comunicación personalizada -- Un equipo para la comunicación innovadora, atrevido y con retos -- La comunicación ejecutiva: el plan de comunicación en acción deseante. | ||
| 562 | _e16 | ||
| 650 |
_aCOMUNICACION MASIVA _9104193 |
||
| 650 |
_aCOMUNICACIÓN PÚBLICA--MAL PASO (ANTIOQUIA, COLOMBIA) _925022 |
||
| 942 | _cBKM | ||
| 999 |
_c114464 _d114464 |
||
| 526 | _a17598 | ||
| 526 | _a102617 | ||
| 526 | _a4969 | ||
| 526 | _a19790 | ||
| 526 | _a104436 | ||
| 526 | _a51868 | ||
| 526 | _a1697 | ||